000 01473nam a2200373 i 4500
003 DO-SdBNP
005 20260321073646.0
007 ta
008 241219s2003 dr o 000 0 spa d
020 _a9993403741
040 _aDO-SdBNP
_bspa
_cBNPHU
_erda
082 4 _axxx
_bxx
_222
100 1 _a Bosch, Juan,
_d1909-2001
_eautor
_4aut.
_976555
245 1 0 _aDe espantos y espasmos :
_bcuentos de amor y visiones /
_cJuan Bosch, Virgilio Díaz Grullón, Jeannette Miller, Pedro Vergés, Oquendo Medina y otros
250 _a1a. edición
264 1 _aSanto Domingo :
_bEdiciones Moradas,
_c2003.
300 _a174 páginas
_bfotografías
_c22 cm.
336 _atexto
_btxt
_2rdacontent
337 _asin mediación
_bn
_2rdamedia
338 _avolumen
_bnc
_2rdacarrier
590 _aInventariado, 2024/ YL
700 1 _aDíaz Grullón, Virgilio,
_d1924-2001
_eautor
_9501
_4aut.
700 1 _aMiller, Jeannette,
_d1944-
_eautor
_983484
_4aut.
700 1 _aVerges, Pedro,
_d1945-
_eautor
_912149
_4aut.
700 1 _aMedina, Oquendo,
_d1955-
_eautor
_914493
_4aut.
700 _aBobadilla, José,
_d1955-
_eautor
_911356
_4aut.
700 1 _aDisla, Reynaldo,
_d1956-
_eautor
_917260
_4aut.
700 _aGarcía Romero, Rafael,
_d1957-
_eautor
_91671
_4aut.
700 _aVega, Ricardo
_d1964-
_eautor
_930262
_4aut.
700 1 _aLópez Azuán, Virgilio,
_d1959-
_eautor
_964493
_4aut.
700 1 _aStanley, Avelino,
_d1959-
_eautor
_91536
_4aut.
910 _aYLockward
942 _2ddc
_cLBS1
999 _c57984
_d57984